[Event "Gurgon op 1st"]
[Site "Gurgon"]
[Date "2009.01.21"]
[Round "1"]
[White "Shikha, Shah"]
[Black "Panchanathan, Magesh Chandran"]
[Result "0-1"]
[WhiteElo "1930"]
[BlackElo "2490"]
[PlyCount "74"]
[EventDate "2009.01.21"]
[EventType "swiss"]
[EventRounds "10"]
[EventCountry "IND"]
[SourceTitle "CBM 128 Extra"]
[Source "ChessBase"]
[SourceDate "2009.03.05"]
[SourceVersion "2"]
[SourceVersionDate "2009.03.25"]
[SourceQuality "1"]

1. e4 e5 2. Nf3 Nc6 3. Bb5 a6 4. Ba4 Nf6 5. 0-0 Be7 6. Re1 b5 7. Bb3 d6 8. c3 0-0 9. h3 Na5 10. Bc2 c5 11. d4 Qc7 12. Nbd2 cxd4 13. cxd4 Bb7 14. Nf1 Rac8 15. Bd3 d5 16. exd5 e4 17. Bxe4 Nxe4 18. Rxe4 Bxd5 19. Re1 Bf6 20. Be3 Qb7 21. N1d2 Nc4 22. Nxc4 bxc4 23. Rb1 Rfd8 24. Qe2 h6 25. Red1 Rd6 26. Ne1 Rb6 27. f3 Re8 28. Qd2 c3 29. Qxc3 Bxa2 30. Bf2 Bxb1 31. Rxb1 Re2 32. b3 Qd5 33. Qd3 Rbe6 34. Rc1 g6 35. Rc5 Rxe1+ 36. Bxe1 Bxd4+ 37. Kf1 Qxc5 0-1